Drugs affecting the peripheral nervous system (Record no. 37062)
[ view plain ]
| 000 -LEADER | |
|---|---|
| fixed length control field | 00454nam a22001577a 4500 |
| 008 - FIXED-LENGTH DATA ELEMENTS--GENERAL INFORMATION | |
| fixed length control field | 230531b |||||||| |||| 00| 0 eng d |
| 040 ## - CATALOGING SOURCE | |
| Original cataloging agency | National Science Library |
| Transcribing agency | National Science Library |
| 080 ## - UNIVERSAL DECIMAL CLASSIFICATION NUMBER | |
| Universal Decimal Classification number | 615.78 |
| Item number | K7 |
| 245 ## - TITLE STATEMENT | |
| Title | Drugs affecting the peripheral nervous system |
| 260 ## - PUBLICATION, DISTRIBUTION, ETC. | |
| Place of publication, distribution, etc. | New York: |
| Name of publisher, distributor, etc. | Marcel Dekker, Inc., |
| Date of publication, distribution, etc. | 1967 |
| 300 ## - PHYSICAL DESCRIPTION | |
| Extent | 620p. |
| 650 ## - SUBJECT ADDED ENTRY--TOPICAL TERM | |
| Topical term or geographic name entry element | Nervous |
| 653 ## - INDEX TERM--UNCONTROLLED | |
| Uncontrolled term | Drugs |
| 700 ## - ADDED ENTRY--PERSONAL NAME | |
| Personal name | Burger, Alfred (Ed.) |
| 942 ## - ADDED ENTRY ELEMENTS (KOHA) | |
| Source of classification or shelving scheme | Universal Decimal Classification |
| Koha item type | Books |
| Withdrawn status | Lost status | Source of classification or shelving scheme | Damaged status | Not for loan | Home library | Current library | Shelving location | Date acquired | Total Checkouts | Full call number | Barcode | Date last seen | Price effective from | Koha item type |
|---|---|---|---|---|---|---|---|---|---|---|---|---|---|---|
| Universal Decimal Classification | National Science Library | National Science Library | GF/Rk-12/C-2/R-1 | 31/05/2023 | 615.78 K7 | 187696 | 31/05/2023 | 31/05/2023 | Books |